000 00400nam a2200169Ia 4500
008 210210b1962 xxu||||| |||| 00| 0 eng d
041 _aeng
082 _a519/80
100 _aMeCoy (N H)
245 _aRings and ideals
260 _aAmerica
_bThe Mathematical Association of America
_c1962
650 _aRings
650 _aideals
650 _aand
690 _aMathematics
906 _a007941
999 _c140797
_d140797